00467nam a22001457a 450000500170000000800410001704100120005808200140007010000500008424500630013425000190019726000470021630000330026365000250029620231108102408.0231108b |||||||| |||| 00| 0 eng d aEnglish a346.3 MAC aMacintosh, JC and Norman-Scoble, C lEnglish  aNegligence in Delict / cJC Macintosh and C Norman-Scoble  aFifth Edition  aCape Town : bJuta and Company Ltd, c1970 blvii, 553 pages ; c26 cm.  aLegal practice bLaw